Deux cas d’intussusception cæcale chez des yearlings Pur-sang (notice n° 1639809)
[ vue normale ]
| 000 -LEADER | |
|---|---|
| fixed length control field | 01313cam a2200265 4500500 |
| 005 - DATE AND TIME OF LATEST TRANSACTION | |
| control field | 20260201070727.0 |
| 041 ## - LANGUAGE CODE | |
| Language code of text/sound track or separate title | fre |
| 042 ## - AUTHENTICATION CODE | |
| Authentication code | dc |
| 100 10 - MAIN ENTRY--PERSONAL NAME | |
| Personal name | d’Ablon, Xavier |
| Relator term | author |
| 245 00 - TITLE STATEMENT | |
| Title | Deux cas d’intussusception cæcale chez des yearlings Pur-sang |
| 260 ## - PUBLICATION, DISTRIBUTION, ETC. | |
| Date of publication, distribution, etc. | 2026.<br/> |
| 500 ## - GENERAL NOTE | |
| General note | 57 |
| 520 ## - SUMMARY, ETC. | |
| Summary, etc. | Deux cas d’intussusceptions cæcales sur des poulains Pur-sang d’un an issus d’un même élevage sont présentés. Leurs présentations cliniques et leurs évolutions différentes sont détaillées. Le rôle possible d’Anoplocephala perfoliata dans ces affections est discuté. |
| 520 ## - SUMMARY, ETC. | |
| Summary, etc. | Two cases of cecal intussusceptions on two thoroughbred yearlings from the same stud farm are presented. Their different clinical manifestations and evolutions are detailed. The possible role of Anoplocephala perfoliata in these conditions is discussed. |
| 690 ## - LOCAL SUBJECT ADDED ENTRY--TOPICAL TERM (OCLC, RLIN) | |
| Topical term or geographic name as entry element | cestodes |
| 690 ## - LOCAL SUBJECT ADDED ENTRY--TOPICAL TERM (OCLC, RLIN) | |
| Topical term or geographic name as entry element | cheval |
| 690 ## - LOCAL SUBJECT ADDED ENTRY--TOPICAL TERM (OCLC, RLIN) | |
| Topical term or geographic name as entry element | coliques |
| 690 ## - LOCAL SUBJECT ADDED ENTRY--TOPICAL TERM (OCLC, RLIN) | |
| Topical term or geographic name as entry element | intussusception |
| 690 ## - LOCAL SUBJECT ADDED ENTRY--TOPICAL TERM (OCLC, RLIN) | |
| Topical term or geographic name as entry element | colic |
| 690 ## - LOCAL SUBJECT ADDED ENTRY--TOPICAL TERM (OCLC, RLIN) | |
| Topical term or geographic name as entry element | horse |
| 690 ## - LOCAL SUBJECT ADDED ENTRY--TOPICAL TERM (OCLC, RLIN) | |
| Topical term or geographic name as entry element | intussusception |
| 690 ## - LOCAL SUBJECT ADDED ENTRY--TOPICAL TERM (OCLC, RLIN) | |
| Topical term or geographic name as entry element | tapeworms |
| 786 0# - DATA SOURCE ENTRY | |
| Note | Le Nouveau Praticien Vétérinaire - Équine | 19 | 3 | 2026-01-06 | p. 71-75 | 1767-5081 |
| 856 41 - ELECTRONIC LOCATION AND ACCESS | |
| Uniform Resource Identifier | <a href="https://stm.cairn.info/revue-le-nouveau-praticien-veterinaire-equine-2025-3-page-71?lang=fr&redirect-ssocas=7080">https://stm.cairn.info/revue-le-nouveau-praticien-veterinaire-equine-2025-3-page-71?lang=fr&redirect-ssocas=7080</a> |
Pas d'exemplaire disponible.




Réseaux sociaux